Zdaňovanie niektorých príjmov doplnkovej dôchodkovej poisťovne

Predmet dane z príjmov. Príjmy, z ktorých je daň vyberaná osobitnou sadzbou dane. Príjmy oslobodené od dane z príjmov. Problém uznávania nákladov na správu doplnkovej dôchodkovej poisťovne do daňových výdavkov. Základ dane.

Na minha lista:
Detalhes bibliográficos
Autor principal: Klimešová, Libuša
Formato: Capítulo de Livro
Idioma:eslovaco
Assuntos:
Tags: Adicionar Tag
Sem tags, seja o primeiro a adicionar uma tag!

MARC

LEADER 00000naa a2200000 4500
001 r048192
005 20230927071313.2
041 0 |a slo 
044 |a SK 
245 1 0 |a Zdaňovanie niektorých príjmov doplnkovej dôchodkovej poisťovne  |c Libuša Klimešová 
520 |a Predmet dane z príjmov. Príjmy, z ktorých je daň vyberaná osobitnou sadzbou dane. Príjmy oslobodené od dane z príjmov. Problém uznávania nákladov na správu doplnkovej dôchodkovej poisťovne do daňových výdavkov. Základ dane. 
610 2 0 |a poistenie dôchodkové doplnkové 
610 2 0 |a príjmy 
610 2 0 |a zdaňovanie 
100 1 |a Klimešová, Libuša